Desalination research and the water problem

Sparad:
Bibliografiska uppgifter
Institutionella upphovsmän: Office of Saline Water (Författare, medförfattare), The National Science Foundation (Författare, medförfattare)
Materialtyp: Bok
Språk:engelska
Publicerad: Washington, D.C National Academy of Sciences 1962
Ämnen:
Taggar: Lägg till en tagg
Inga taggar, Lägg till första taggen!

MARC

LEADER 00000nam a2200000 a 4500
001 UCV5458
003 CL-VaPUC
005 20200123181553.0
008 930707e19620000us 1 eng d
082 0 4 |a 628.167  |b OFF  |2 21 
110 2 |a Office of Saline Water  |e author  |9 616557 
710 2 |a The National Science Foundation  |e author  |9 616558 
245 1 0 |a Desalination research and the water problem 
260 |a Washington, D.C  |b National Academy of Sciences  |c 1962 
300 |a 85 p 
583 |a last modification  |c 19930707 00:00:00  |k Rodrigo Vera 
650 0 7 |a CONVERSION DE AGUAS SALINAS  |2 CL-VaPUC  |9 616559 
942 |c BK 
945 |d 19930707 00:00:00 
546 |a En Inglés 
536 |a National Academy of Science National Resaerch Council 
518 |p Report of the desalinations research conference, Massachusetts, 19 June a 14 de Jul 1961 
999 |c 382004  |d 382002 
952 |0 0  |1 0  |4 0  |6 628_167000000000000_OFF_1962  |7 0  |8 CCM  |9 503438  |a BIBCUR  |b BIBCUR  |d 2020-01-23  |i 2596156  |o 628.167 OFF 1962  |p 2596156  |r 2025-04-22  |w 2020-01-23  |y BK  |k CIM